| 000 | 00810nam a2200277 i 4500 | ||
|---|---|---|---|
| 001 | bg | ||
| 100 | 1 | _aFILIPOWICZ, Włodzimierz | |
| 245 | 1 | 0 |
_aBazy danych w sieciach rozległych / _cWłodzimierz Filipowicz, Tomasz Neumann. |
| 260 |
_aGdynia : _bWydaw. Akademii Morskiej, _c2004. |
||
| 300 |
_a276 s. : _bil., tab. ; _c25 cm. |
||
| 504 | _aBibliogr. s. 246. | ||
| 650 | 9 |
_aBaza danych relacyjna _xbudowa i organizacja |
|
| 650 | 9 | _aMySQL | |
| 650 | 9 | _aPHP | |
| 650 | 9 | _aSieć komputerowa rozległa | |
| 655 | _aPodręczniki | ||
| 700 | 1 | _aNEUMANN, Tomasz | |
| 015 | _aPB 21590/2004 | ||
| 020 | _a8387875996 | ||
| 040 | _cBPK | ||
| 041 | 0 | _apol | |
| 080 | _a004.652:004.438A/Z:004.738.52:004.735](07) | ||
| 920 | _a83-87875-99-6 | ||
| 942 | _cKS | ||
| 008 | s pl f |000 0 pol | ||
| 999 |
_c46708 _d46708 |
||
| 856 |
_uhttp://koha.tu.koszalin.pl/cgi-bin/koha/opac-detail.pl?biblionumber=46708 _yKatalog online BPK |
||